| 000 | 00538nam a2200169 a 4500 | ||
|---|---|---|---|
| 005 | 20240919064707.0 | ||
| 008 | 991125s1955 fr 000 0 eng u | ||
| 035 | _aUPN01000006112 | ||
| 049 | _aUNE | ||
| 050 | 4 |
_aLA1052 _bB8.2 |
|
| 245 | 0 | 4 |
_aThe builders and the books : _btechnical assistance lends a hand to the progress of the middle east. |
| 260 |
_aParís : _bUNESCO, _c1955. |
||
| 300 | _a55, [4] p. de láms. | ||
| 500 | _aTambién localizas ejemplares en Colección General | ||
| 650 | 4 |
_aEducación _zAsia _99160 |
|
| 905 | _aLibro | ||
| 999 |
_c6112 _d6112 |
||